000 00955nam a2200289 a 4500
001 000047480
003 DO-SdBNP
005 20250115124320.0
008 180606s2017 dr 000 j spa d
020 _a9789945503081
040 _aDO-SdBNP
_bspa
_cBNPHU
082 _aRD863.5
_bD542u
100 1 _aDíaz, Pircilio
_928665
245 1 0 _aLas últimas palabras /
_cPircilio Díaz.
260 _aSanto Domingo :
_bMinisterio de Cultura ;
_bNacional ,
_c2017.
300 _a91 p. ;
_c20 cm.
490 1 _aNarrativa
500 _aIncluye datos biográficos del autor en al solapa de la cubierta
500 _aParticipación en la 13a. Feria Regional del Libro Azua, 2017
590 _aInventariado, 2018/VM
650 0 _aCuentos dominicanos
_9176
650 4 _aLiteratura ddominicana
_974639
710 1 _aRepública Dominicana.
_bMinisterio de Cultura
_971794
830 0 _aNarrativa
_911366
910 _aValidado, 2018/MFF
942 _2ddc
_cLBS1
999 _c46968
_d46968